[Event "Cesky Krumlov op"]
[Site "Cesky Krumlov"]
[Date "2009.11.20"]
[Round "8"]
[White "Szablowski, Pawel"]
[Black "Loktiev, Ivan"]
[Result "1-0"]
[WhiteElo "2217"]
[BlackElo "2260"]
[PlyCount "101"]
[EventDate "2009.11.14"]
[EventType "swiss"]
[EventRounds "9"]
[EventCountry "CZE"]
[SourceTitle "EXT 2010"]
[Source "ChessBase"]
[SourceDate "2009.11.30"]
[SourceVersion "1"]
[SourceVersionDate "2009.11.30"]
[SourceQuality "1"]

1. e4 e5 2. Nf3 Nc6 3. c3 d6 4. d4 Be7 5. Bb5 Bd7 6. O-O Nf6 7. d5 Nb8 8. Bxd7+
Nbxd7 9. Re1 O-O 10. c4 g6 11. Bh6 Re8 12. Nc3 Nh5 13. Qd2 Bf8 14. Bg5 Be7 15.
Bh6 Bf8 16. Be3 f5 17. exf5 gxf5 18. Bg5 Be7 19. Bxe7 Rxe7 20. Qg5+ Ng7 21. Qh4
Nf8 22. Ng5 Ne8 23. f4 Ng6 24. Qh6 Nxf4 25. g3 Ng6 26. Rf1 Qd7 27. Rf2 f4 28.
Nce4 Qf5 29. Raf1 Qf8 30. Qh3 Kh8 31. Ne6 Qg8 32. Rg2 Qf7 33. N4g5 Qf6 34. Ne4
Qf7 35. N4g5 Qf6 36. gxf4 exf4 37. Kh1 c6 38. Rfg1 Nc7 39. Nxc7 Rxc7 40. Ne6
Rg7 41. Nxg7 Kxg7 42. Qd7+ Qf7 43. Qxd6 cxd5 44. cxd5 Re8 45. Qc5 Re5 46. Rd1
Qf8 47. Qd4 Kh6 48. d6 Re8 49. d7 Rd8 50. Qd5 Ne7 51. Qe6+ 1-0

[Event "Troisdorf op"]
[Site "Troisdorf"]
[Date "2009.11.17"]
[Round "4"]
[White "Brunsch, Swen Holger"]
[Black "Trube, Dieter"]
[Result "0-1"]
[WhiteElo "1433"]
[BlackElo "1610"]
[PlyCount "20"]
[EventDate "2009.10.27"]
[EventType "swiss"]
[EventRounds "7"]
[EventCountry "GER"]
[SourceTitle "EXT 2011"]
[Source "ChessBase"]
[SourceDate "2010.11.26"]
[SourceVersion "1"]
[SourceVersionDate "2010.11.26"]
[SourceQuality "1"]

1. e4 e5 2. Nf3 Nc6 3. c3 Nf6 4. d3 Bc5 5. Bg5 d5 6. Nxe5 Bxf2+ 7. Kxf2 Nxe5 8.
d4 Nxe4+ 9. Kg1 Qxg5 10. dxe5 Qe3# 0-1

[Event "Oberliga Wuerttemberg 0910"]
[Site "Wuerttemberg"]
[Date "2009.11.15"]
[Round "3.1"]
[White "Heidenfeld, Mark"]
[Black "Zeller, Frank"]
[Result "1/2-1/2"]
[WhiteElo "2316"]
[BlackElo "2400"]
[PlyCount "65"]
[EventDate "2009.10.11"]
[EventType "team-tourn"]
[EventRounds "9"]
[EventCountry "GER"]
[SourceTitle "OM OTB B 201907"]
[Source "Opening Master"]
[SourceDate "2019.07.06"]
[SourceVersion "2"]
[SourceVersionDate "2019.07.06"]
[SourceQuality "1"]
[WhiteTeam "Ulm Post-SV"]
[BlackTeam "Schwaebisch Gmuend"]
[WhiteTeamCountry "GER"]
[BlackTeamCountry "GER"]

1. e4 e5 2. Nf3 Nc6 3. c3 f5 4. d4 fxe4 5. Nxe5 Qf6 6. Qc2 d5 7. Bb5 Nge7 8.
O-O a6 9. Ba4 b5 10. Nxc6 Nxc6 11. Bb3 Be6 12. f3 Bd6 13. Rf2 Qh4 14. g3 Bxg3
15. hxg3 Qxg3+ 16. Rg2 Qe1+ 17. Kh2 exf3 18. Rf2 O-O 19. Bg5 Rf5 20. Qd2 Qxf2+
21. Qxf2 Rxg5 22. Qxf3 Rf8 23. Qe3 Rh5+ 24. Kg2 Rf6 25. Nd2 Rhf5 26. Nf3 Rxf3
27. Qxf3 Rxf3 28. Kxf3 Kf7 29. Bc2 h6 30. b4 Ne7 31. a4 c6 32. Kf4 Kf6 33. axb5
1/2-1/2

[Event "San Francisco TNM Fall op"]
[Site "San Francisco"]
[Date "2009.11.10"]
[Round "4"]
[White "Olson, David L"]
[Black "Montoya, Daniel"]
[Result "1/2-1/2"]
[WhiteElo "1641"]
[BlackElo "1228"]
[PlyCount "100"]
[EventDate "2009.10.20"]
[EventType "swiss"]
[EventRounds "9"]
[EventCountry "USA"]
[SourceTitle "EXT 2012"]
[Source "ChessBase"]
[SourceDate "2011.11.24"]
[SourceVersion "1"]
[SourceVersionDate "2011.11.24"]
[SourceQuality "1"]

1. e4 e5 2. Nf3 Nc6 3. c3 Nf6 4. Qc2 d5 5. exd5 Nxd5 6. Bb5 Qf6 7. d3 Bf5 8.
Nbd2 Bd6 9. Ne4 Bxe4 10. dxe4 Nb6 11. Bg5 Qg6 12. g3 h6 13. Be3 O-O 14. Nh4 Qg4
15. Be2 Qe6 16. Nf5 Rfd8 17. Bg4 Qg6 18. Be2 Bf8 19. O-O Ne7 20. Nh4 Qc6 21. b3
Ng6 22. Ng2 Bb4 23. c4 Nc8 24. Rad1 Nd6 25. Bf3 Nb5 26. Qb2 Nc3 27. Rc1 Nxe4
28. a3 Be7 29. b4 f5 30. Qc2 Qa6 31. Bxe4 fxe4 32. Qxe4 Qxa3 33. Qxg6 Qxb4 34.
Bxh6 Bf6 35. Ne3 Qe7 36. Nf5 Qf8 37. g4 e4 38. Be3 Rd7 39. g5 Be5 40. f4 Bd6
41. Qh5 Qxf5 42. Bd4 Bxf4 43. Be3 Bxe3+ 44. Kh1 Qxg5 45. Qh3 Rdd8 46. Qe6+ Kh8
47. Rc3 Bb6 48. Rh3+ Qh6 49. Rxh6+ gxh6 50. Qxh6+ Kg8 1/2-1/2

[Event "Budapest FS11 FM-B"]
[Site "Budapest"]
[Date "2009.11.09"]
[Round "3"]
[White "Hetesi, Zoltan"]
[Black "Szoukup, Istvan"]
[Result "0-1"]
[WhiteElo "1547"]
[BlackElo "1730"]
[PlyCount "76"]
[EventDate "2009.11.07"]
[EventType "tourn"]
[EventRounds "9"]
[EventCountry "HUN"]
[SourceTitle "EXT 2010"]
[Source "ChessBase"]
[SourceDate "2009.11.30"]
[SourceVersion "1"]
[SourceVersionDate "2009.11.30"]
[SourceQuality "1"]

1. e4 e5 2. Nf3 Nc6 3. c3 d5 4. exd5 Qxd5 5. c4 Qd8 6. Nc3 Nf6 7. d3 Be7 8. Bg5
O-O 9. Be2 Be6 10. O-O Re8 11. Qb3 b6 12. Rad1 Nd4 13. Nxd4 exd4 14. Ne4 Nxe4
15. Bxe7 Qxe7 16. dxe4 c5 17. f4 Bd7 18. e5 Bc6 19. Bf3 Rac8 20. Bxc6 Rxc6 21.
Rde1 Re6 22. Qf3 Qc7 23. Qd5 Rd8 24. Qe4 f6 25. Qf5 Rde8 26. Qe4 fxe5 27. Qd5
Qd6 28. Qxd6 Rxd6 29. Rxe5 Rxe5 30. fxe5 Re6 31. Re1 Kf7 32. Kf1 Re7 33. Re4
Ke6 34. g4 Rf7+ 35. Ke2 g5 36. Kd1 Rf4 37. Rxf4 gxf4 38. Ke2 Kxe5 0-1

[Event "Budapest FS11 IM"]
[Site "Budapest"]
[Date "2009.11.09"]
[Round "3"]
[White "Lewis, Andrew P"]
[Black "Kislik, Erik Andrew"]
[Result "0-1"]
[WhiteElo "2273"]
[BlackElo "2349"]
[PlyCount "40"]
[EventDate "2009.11.07"]
[EventType "tourn"]
[EventRounds "11"]
[EventCountry "HUN"]
[EventCategory "2"]
[SourceTitle "EXT 2010"]
[Source "ChessBase"]
[SourceDate "2009.11.30"]
[SourceVersion "1"]
[SourceVersionDate "2009.11.30"]
[SourceQuality "1"]

1. e4 e5 2. Nf3 Nc6 3. c3 f5 4. Bb5 fxe4 5. Bxc6 dxc6 6. Nxe5 Qg5 7. Nc4 Qxg2
8. Qh5+ g6 9. Qe5+ Be7 10. Rf1 Nf6 11. Qxc7 Bh3 12. Ne3 Qf3 13. Rg1 Nh5 14. Rg3
Qh1+ 15. Ke2 O-O 16. d4 Rxf2+ 17. Kxf2 Qxh2+ 18. Ng2 Rf8+ 19. Ke2 Nxg3+ 20. Kd1
Qxg2 0-1

[Event "DEN-chT 0910 48th"]
[Site "Denmark"]
[Date "2009.11.08"]
[Round "2"]
[White "Skytte, Rasmus"]
[Black "Nielsen, Jorgen G"]
[Result "1/2-1/2"]
[WhiteElo "2386"]
[BlackElo "2171"]
[PlyCount "29"]
[EventDate "2009.11.07"]
[EventType "team"]
[EventRounds "9"]
[EventCountry "DEN"]
[SourceTitle "EXT 2011"]
[Source "ChessBase"]
[SourceDate "2010.11.26"]
[SourceVersion "1"]
[SourceVersionDate "2010.11.26"]
[SourceQuality "1"]

1. e4 e5 2. Nf3 Nc6 3. c3 Nf6 4. d4 exd4 5. e5 Ne4 6. Qe2 d5 7. exd6 f5 8. Nbd2
Bxd6 9. Nxe4 fxe4 10. Qxe4+ Qe7 11. Qxe7+ Bxe7 12. Nxd4 Nxd4 13. cxd4 Be6 14.
Be2 O-O-O 15. Be3 1/2-1/2

[Event "HUN-chT2 Erkel 0910"]
[Site "Hungary"]
[Date "2009.11.08"]
[Round "1.6"]
[White "Csapo, Zoltan"]
[Black "Torok, Tamas Titusz"]
[Result "1-0"]
[WhiteElo "2135"]
[BlackElo "2113"]
[PlyCount "69"]
[EventDate "2009.11.08"]
[EventType "team-tourn"]
[EventRounds "11"]
[EventCountry "HUN"]
[SourceTitle "EXT 2011"]
[Source "ChessBase"]
[SourceDate "2010.11.26"]
[SourceVersion "1"]
[SourceVersionDate "2010.11.26"]
[SourceQuality "1"]
[WhiteTeam "Vizugy"]
[BlackTeam "Pestszentlorinc"]
[WhiteTeamCountry "HUN"]
[BlackTeamCountry "HUN"]

1. e4 e5 2. Nf3 Nc6 3. c3 Nf6 4. d4 d6 5. Bb5 Bd7 6. O-O Be7 7. Qe2 O-O 8. Rd1
exd4 9. cxd4 d5 10. e5 Ne4 11. Nc3 Nxc3 12. bxc3 a6 13. Bd3 b5 14. Nd2 Qc8 15.
Nb3 Bf5 16. f4 Bg4 17. Qf1 Bxd1 18. Qxd1 f5 19. Qf3 Qe6 20. Be3 Rab8 21. h3 Kh8
22. g4 g6 23. Kh2 a5 24. Rg1 a4 25. Nc5 Bxc5 26. gxf5 gxf5 27. dxc5 Ne7 28. Bd4
Nc6 29. Bf2 Rg8 30. Qh5 Rbf8 31. Rxg8+ Kxg8 32. Bxb5 a3 33. Qg5+ Kh8 34. Bxc6
Qxc6 35. e6 1-0

[Event "HUN-chT2 Toth 0910"]
[Site "Hungary"]
[Date "2009.11.08"]
[Round "1.5"]
[White "Nagy, Tibor"]
[Black "Czibulya, Ferenc"]
[Result "1-0"]
[WhiteElo "1897"]
[BlackElo "1955"]
[PlyCount "51"]
[EventDate "2009.11.08"]
[EventType "team-tourn"]
[EventRounds "11"]
[EventCountry "HUN"]
[SourceTitle "EXT 2011"]
[Source "ChessBase"]
[SourceDate "2010.11.26"]
[SourceVersion "1"]
[SourceVersionDate "2010.11.26"]
[SourceQuality "1"]
[WhiteTeam "Nadudvar"]
[BlackTeam "Szentesi Spartacus"]
[WhiteTeamCountry "HUN"]
[BlackTeamCountry "HUN"]

1. e4 e5 2. Nf3 Nc6 3. c3 Nf6 4. d4 exd4 5. e5 Ng4 6. cxd4 Bb4+ 7. Nc3 O-O 8.
h3 Nh6 9. Bd3 d6 10. Qc2 f5 11. Bxh6 gxh6 12. O-O-O Ba5 13. a3 Bb6 14. Rhg1
Nxd4 15. Nxd4 Qg5+ 16. Kb1 dxe5 17. Bc4+ Kh8 18. Ne6 Bxe6 19. Bxe6 Bd4 20. Nb5
c5 21. Nxd4 cxd4 22. g4 f4 23. Bf5 Qe7 24. Rge1 Rf6 25. Rxd4 Rb6 26. Rd7 1-0

[Event "Asian Indoor Games 3rd Prelim"]
[Site "Ha Long City"]
[Date "2009.11.05"]
[Round "6"]
[White "Ghaem Maghami, Ehsan"]
[Black "Harikrishna, Penteala"]
[Result "1/2-1/2"]
[WhiteElo "2603"]
[BlackElo "2672"]
[PlyCount "59"]
[EventDate "2009.11.05"]
[EventType "team (rapid)"]
[EventRounds "9"]
[EventCountry "VIE"]
[SourceTitle "CBM 133 Extra"]
[Source "ChessBase"]
[SourceDate "2010.01.05"]
[SourceVersion "1"]
[SourceVersionDate "2010.01.05"]
[SourceQuality "1"]

1. e4 e5 2. Nf3 Nc6 3. c3 d5 4. Qa4 Nf6 5. Nxe5 Bd6 6. Nxc6 bxc6 7. d3 O-O 8.
Be2 Re8 9. Nd2 Bf4 10. O-O Bxd2 11. Bxd2 dxe4 12. d4 Qd6 13. Qa3 Bg4 14. Qxd6
cxd6 15. Bxg4 Nxg4 16. Rfe1 f5 17. f3 Nf6 18. Bg5 Nd5 19. fxe4 Rxe4 20. Bd2 Nf6
21. Bg5 Rxe1+ 22. Rxe1 Ne4 23. Bc1 d5 24. Rf1 Rf8 25. Rf3 g6 26. Bh6 Rb8 27.
Bc1 Kg7 28. Kf1 Rf8 29. c4 dxc4 30. Ra3 1/2-1/2

[Event "FICGS__CHESS__RAPID_E__000021"]
[Site "FICGS"]
[Date "2009.11.05"]
[Round "1"]
[White "Orden, Jorge"]
[Black "Martinez, Silvio"]
[Result "1/2-1/2"]
[WhiteElo "1110"]
[BlackElo "1247"]
[PlyCount "74"]
[EventDate "2009.??.??"]
[EventType "rapid"]

1. e4 e5 2. Nf3 Nc6 3. c3 Nf6 4. Qc2 d5 5. exd5 Nxd5 6. Bb5 Bd7 7. O-O Bc5 8.
Bxc6 Bxc6 9. b4 Bb6 10. a4 a5 11. Nxe5 O-O 12. Nxc6 bxc6 13. bxa5 Bxa5 14. Ba3
Re8 15. d4 h6 16. Bb2 Qd6 17. Ba3 Qd7 18. c4 Nf4 19. Nc3 Bxc3 20. Ra2 Qxd4 21.
Bc5 Qxc4 22. Be3 Ne2+ 23. Qxe2 Qxe2 24. Rxe2 Rxa4 25. Rc1 Bd4 26. h3 Bxe3 27.
Rxe3 Rxe3 28. fxe3 Ra6 29. Kf2 g5 30. Kf3 f5 31. g4 fxg4+ 32. Kxg4 Kg7 33. Kh5
Rb6 34. Rc4 Rb3 35. Rxc6 Rxe3 36. Rxc7+ Kh8 37. Kxh6 Rxh3+ 1/2-1/2

[Event "FICGS__CHESS__RAPID_E__000021"]
[Site "FICGS"]
[Date "2009.11.05"]
[Round "1"]
[White "Melquiades, Jay"]
[Black "Pipac, Darko"]
[Result "0-1"]
[WhiteElo "837"]
[BlackElo "1325"]
[PlyCount "58"]
[EventDate "2009.??.??"]
[EventType "rapid"]

1. e4 e5 2. Nf3 Nc6 3. c3 Nf6 4. Bb5 Nxe4 5. O-O a6 6. d3 axb5 7. dxe4 b4 8. a3
bxa3 9. bxa3 d6 10. Be3 Bg4 11. h3 Bxf3 12. Qxf3 Na5 13. Nd2 g6 14. Rab1 Bg7
15. Rb5 c6 16. Rb2 O-O 17. Rfb1 b5 18. c4 Nxc4 19. Nxc4 bxc4 20. Rb7 Rxa3 21.
Ra7 Rxa7 22. Bxa7 Qa5 23. Be3 d5 24. h4 d4 25. Rb7 dxe3 26. g4 Qd2 27. fxe3 c3
28. Rc7 c2 29. Rxc6 c1=Q+ 0-1

[Event "turnir_562"]
[Site "www.bestlogic.ru"]
[Date "2009.11.04"]
[Round "?"]
[White "Prometey"]
[Black "Juan Mal"]
[Result "1/2-1/2"]
[WhiteElo "2021"]
[BlackElo "2003"]
[PlyCount "61"]
[EventDate "2009.11.04"]
[EventType "tourn"]
[EventRounds "2"]
[SourceTitle "OM Portal C 201906"]
[Source "Opening Master"]
[SourceDate "2019.06.27"]
[SourceVersion "1"]
[SourceVersionDate "2019.06.27"]
[SourceQuality "1"]

1. e4 e5 2. Nf3 Nc6 3. c3 d5 4. Qa4 Qd6 5. d4 Bd7 6. Bb5 exd4 7. exd5 Qxd5 8.
O-O O-O-O 9. cxd4 a6 10. Nc3 Qf5 11. Bxa6 bxa6 12. Qxa6+ Kb8 13. Nb5 Nge7 14.
Ne5 Be8 15. Re1 Qc8 16. Nxc6+ Nxc6 17. Qa4 Bd6 18. d5 Qb7 19. dxc6 Bxc6 20.
Nxd6 Rxd6 21. Qa3 Bxg2 22. Bf4 Rg6 23. Re3 Bh1+ 24. Rg3 Qf3 25. Qxf3 Bxf3 26.
Rc1 Rc8 27. Kf1 Rxg3 28. fxg3 Kb7 29. b4 Bc6 30. a3 h6 31. Kf2 1/2-1/2

[Event "FICGS__CHESS__WCH_STAGE_1_GROUP_24__000"]
[Site "FICGS"]
[Date "2009.11.02"]
[Round "1"]
[White "Segovia, Didier"]
[Black "Salonen, Jukka"]
[Result "0-1"]
[WhiteElo "950"]
[BlackElo "1823"]
[PlyCount "30"]
[EventDate "2009.??.??"]

1. e4 e5 2. Nf3 Nc6 3. c3 d5 4. Bb5 dxe4 5. Nxe5 Qg5 6. Bxc6+ bxc6 7. Nxc6 Qxg2
8. Rf1 Ba6 9. d3 Bxd3 10. Kd2 Bxf1 11. Qe1 Ne7 12. Nxe7 Bxe7 13. b3 Bd3 14. Ba3
Bg5+ 15. Kd1 Qf3+ 0-1

[Event "FICGS__CHESS__WCH_STAGE_1_GROUP_24__000"]
[Site "FICGS"]
[Date "2009.11.02"]
[Round "1"]
[White "Segovia, Didier"]
[Black "Kis-Kos, Laszlo"]
[Result "0-1"]
[WhiteElo "950"]
[BlackElo "1652"]
[PlyCount "56"]
[EventDate "2009.??.??"]

1. e4 e5 2. Nf3 Nc6 3. c3 Nf6 4. d3 d5 5. Bg5 Be7 6. Qa4 O-O 7. g3 h6 8. Bxf6
Bxf6 9. Bg2 dxe4 10. dxe4 Qe7 11. O-O Be6 12. Nbd2 Rfd8 13. Qb5 a6 14. Qe2 Qc5
15. Rfc1 Qb5 16. Qxb5 axb5 17. Nb3 g5 18. Nc5 Bc8 19. b4 b6 20. Nb3 g4 21. Ne1
Bg5 22. Rd1 Rxd1 23. Rxd1 Rxa2 24. Nd2 Bxd2 25. Nd3 Bxc3 26. Rb1 Nd4 27. Nxe5
Ne2+ 28. Kf1 Bxe5 0-1

[Event "Hessenliga 0910"]
[Site "Germany"]
[Date "2009.11.01"]
[Round "3.6"]
[White "Huisl, Wolfgang"]
[Black "Beha, Alfred"]
[Result "1/2-1/2"]
[WhiteElo "2284"]
[BlackElo "2158"]
[PlyCount "54"]
[EventDate "2009.09.20"]
[EventType "team-tourn"]
[EventRounds "9"]
[EventCountry "GER"]
[SourceTitle "EXT 2011"]
[Source "ChessBase"]
[SourceDate "2010.11.26"]
[SourceVersion "1"]
[SourceVersionDate "2010.11.26"]
[SourceQuality "1"]
[WhiteTeam "Hofheim II"]
[BlackTeam "Frankfurt BvK II"]
[WhiteTeamCountry "GER"]
[BlackTeamCountry "GER"]

1. e4 e5 2. Nf3 Nc6 3. c3 Nf6 4. d4 d5 5. dxe5 Nxe4 6. Bb5 Bc5 7. O-O O-O 8.
Nbd2 Nxd2 9. Bxd2 Bg4 10. Bxc6 bxc6 11. h3 Bh5 12. g4 Bg6 13. Bg5 Qd7 14. Nd4
h6 15. Be3 a5 16. Qa4 Bd3 17. Rfd1 Bxd4 18. Qxd4 Bg6 19. f4 f5 20. exf6 Rxf6
21. f5 Be8 22. Bf4 Rf8 23. Qe5 h5 24. Qxc7 hxg4 25. hxg4 g6 26. Qxd7 Bxd7 27.
Bd6 Rfe8 1/2-1/2

[Event "Bayern-chI Bank Hofmann 13th"]
[Site "Bad Wiessee"]
[Date "2009.10.31"]
[Round "1"]
[White "Wohl, Aleksandar H"]
[Black "Mader, Jens"]
[Result "1-0"]
[WhiteElo "2417"]
[BlackElo "2004"]
[PlyCount "65"]
[EventDate "2009.10.31"]
[EventType "swiss"]
[EventRounds "9"]
[EventCountry "GER"]
[SourceTitle "EXT 2010"]
[Source "ChessBase"]
[SourceDate "2009.11.30"]
[SourceVersion "1"]
[SourceVersionDate "2009.11.30"]
[SourceQuality "1"]

1. e4 e5 2. Nf3 Nc6 3. c3 d6 4. d4 exd4 5. cxd4 Be7 6. Bb5 a6 7. Ba4 Bd7 8. Nc3
Nf6 9. e5 dxe5 10. dxe5 Ng4 11. Bf4 Bc5 12. O-O Nxf2 13. Rxf2 Bxf2+ 14. Kxf2
O-O 15. Qe2 Qe7 16. Rd1 Be6 17. Qe4 Qb4 18. Qxb4 Nxb4 19. a3 Nc6 20. Bxc6 bxc6
21. Nd4 c5 22. Nxe6 fxe6 23. Ke3 Rad8 24. Rxd8 Rxd8 25. Ne4 Rb8 26. Nxc5 Rxb2
27. Nxe6 Rb3+ 28. Ke4 Rxa3 29. Nxc7 Ra4+ 30. Kf3 Ra3+ 31. Kg4 Ra2 32. e6 Rxg2+
33. Kf3 1-0

[Event "9. LSS No Engine Cup Preliminary 7"]
[Site "Lechenicher SchachServer"]
[Date "2009.10.31"]
[Round "?"]
[White "Segovia, Didier"]
[Black "Laureles, Raymundo"]
[Result "0-1"]
[WhiteElo "476"]
[BlackElo "1235"]
[PlyCount "56"]
[EventDate "2009.11.01"]

1. e4 e5 2. Nf3 Nc6 3. c3 Nf6 4. d3 Be7 5. Bg5 O-O 6. Be2 h6 7. Bxf6 Bxf6 8.
O-O d6 9. Nbd2 Be6 10. b4 a6 11. a3 Be7 12. d4 exd4 13. cxd4 Bd7 14. Nc4 b5 15.
Ne3 Re8 16. d5 Ne5 17. Qd4 Nxf3+ 18. Bxf3 Bf6 19. Qd3 Bxa1 20. Rxa1 Qf6 21. Rc1
Rec8 22. Ng4 Qb2 23. Rb1 Qa2 24. g3 a5 25. Ne3 axb4 26. axb4 Ra3 27. Qc2 Qxc2
28. Nxc2 Ra2 0-1

[Event "HUN-chT U18"]
[Site "Miskolc"]
[Date "2009.10.29"]
[Round "6.12"]
[White "Juhasz, Barbara"]
[Black "David, Akos"]
[Result "1/2-1/2"]
[WhiteElo "1880"]
[BlackElo "1766"]
[PlyCount "90"]
[EventDate "2009.10.26"]
[EventType "team-swiss"]
[EventRounds "8"]
[EventCountry "HUN"]
[SourceTitle "EXT 2016"]
[Source "ChessBase"]
[SourceDate "2015.10.10"]
[SourceVersion "1"]
[SourceVersionDate "2015.10.10"]
[SourceQuality "1"]

1. e4 e5 2. Nf3 Nc6 3. c3 Bc5 4. d4 exd4 5. cxd4 Bb4+ 6. Bd2 Bxd2+ 7. Nbxd2 d6
8. h3 Nge7 9. Bd3 O-O 10. O-O d5 11. Nb3 Nb4 12. Bb1 dxe4 13. Bxe4 Nbd5 14. Qd2
c6 15. Rad1 Bf5 16. Bxf5 Nxf5 17. Nc5 Nd6 18. Rfe1 Qc7 19. Qg5 Rfe8 20. Qg4 f5
21. Qh4 b6 22. Ne6 Qd7 23. Nf4 Ne4 24. Nd3 Qd6 25. Ng5 Ndf6 26. Nxe4 fxe4 27.
Ne5 c5 28. Nc4 Qd5 29. Ne3 Qxa2 30. dxc5 bxc5 31. Qg5 Qf7 32. Qxc5 Rab8 33. Rd2
Nh5 34. Nf5 Re6 35. Qc4 Qxf5 36. g4 Qg6 37. Qc7 Rbe8 38. Kh2 Nf6 39. Rde2 Qg5
40. Qg3 h5 41. f4 Qh6 42. g5 Qg6 43. gxf6 Qxg3+ 44. Kxg3 gxf6 45. Kh4 Kf7
1/2-1/2

[Event "FICS rated standard game"]
[Site "FICS freechess.org"]
[Date "2009.10.27"]
[Round "?"]
[White "JadeiteMech"]
[Black "TogaII"]
[Result "0-1"]
[WhiteElo "2444"]
[BlackElo "2585"]
[PlyCount "156"]
[EventDate "2009.??.??"]
[SourceTitle "OM Portal C 201906"]
[Source "Opening Master"]
[SourceDate "2019.06.27"]
[SourceVersion "1"]
[SourceVersionDate "2019.06.27"]
[SourceQuality "1"]

1. e4 e5 2. Nf3 Nc6 3. c3 Nf6 4. d4 exd4 5. e5 Nd5 6. Bb5 a6 7. Ba4 Nb6 8. Bb3
d5 9. exd6 Bxd6 10. O-O Be6 11. cxd4 O-O 12. Nc3 Bxb3 13. Qxb3 Qf6 14. d5 Na5
15. Qc2 Nac4 16. Ng5 Qh6 17. h3 Qg6 18. Qxg6 hxg6 19. b3 Na3 20. Be3 Nc2 21.
Rad1 Nxe3 22. fxe3 Bb4 23. Na4 Nxa4 24. bxa4 Bc5 25. Kf2 Rfe8 26. Rd3 Rad8 27.
Rfd1 Re5 28. h4 Rde8 29. Re1 a5 30. g4 c6 31. d6 Rd5 32. Rxd5 cxd5 33. Nf3 Bxd6
34. Rd1 Bc5 35. Rxd5 Bxe3+ 36. Kg3 b6 37. Ne5 Bc5 38. Kf3 Re6 39. g5 Be7 40.
Rb5 Bd8 41. Nc4 Kf8 42. Rd5 Bc7 43. Ne3 Rc6 44. Rd7 Ke8 45. Rd3 Ke7 46. Nd5+
Ke6 47. Nxc7+ Rxc7 48. Re3+ Kf5 49. Rb3 Rc6 50. Rb5+ Ke6 51. Ke3 f5 52. Rb3 Kf7
53. Kd3 Re6 54. Rc3 Re4 55. Rc7+ Kg8 56. Rc4 Rxc4 57. Kxc4 Kf7 58. Kd5 Ke8 59.
Kc4 Kd8 60. Kb5 Kd7 61. Kc4 Ke6 62. Kd4 Kd6 63. Kd3 Ke5 64. Ke3 f4+ 65. Kf3 Kf5
66. a3 Ke5 67. Ke2 Ke4 68. Kf2 f3 69. h5 gxh5 70. Kg3 h4+ 71. Kf2 g6 72. Ke1 h3
73. Kd2 h2 74. Kc3 f2 75. Kb3 f1=Q 76. Kb2 h1=Q 77. Kb3 Qd3+ 78. Ka2 Qc2# 0-1

[Event "BCF-chT3 0910 (4NCL)"]
[Site "England"]
[Date "2009.10.25"]
[Round "2"]
[White "Humphreys, Jerry"]
[Black "Balendran, Baven"]
[Result "1/2-1/2"]
[WhiteElo "2082"]
[BlackElo "1858"]
[PlyCount "50"]
[EventDate "2009.10.24"]
[EventType "team-tourn"]
[EventRounds "11"]
[EventCountry "ENG"]
[SourceTitle "CBM 133 Extra"]
[Source "ChessBase"]
[SourceDate "2010.01.05"]
[SourceVersion "1"]
[SourceVersionDate "2010.01.05"]
[SourceQuality "1"]

1. e4 e5 2. Nf3 Nc6 3. c3 Nf6 4. d3 Bc5 5. Be2 d6 6. O-O O-O 7. Re1 Bb6 8. Nbd2
a5 9. Nc4 Ba7 10. Be3 b5 11. Bxa7 Rxa7 12. Ncd2 Rb7 13. Qc2 Ne7 14. d4 Ng6 15.
Rad1 Qe7 16. c4 b4 17. c5 Nf4 18. Bf1 Ng6 19. h3 dxc5 20. dxe5 Nxe5 21. Nxe5
Qxe5 22. Nc4 Qg5 23. Nxa5 Rb6 24. Nc4 Re6 25. Nd2 Nd7 1/2-1/2

[Event "Harrachov op-B"]
[Site "Harrachov"]
[Date "2009.10.25"]
[Round "2"]
[White "Petr, Jan1"]
[Black "Kratky, Josef"]
[Result "1-0"]
[WhiteElo "1753"]
[BlackElo "1748"]
[PlyCount "35"]
[EventDate "2009.10.24"]
[EventType "swiss"]
[EventRounds "9"]
[EventCountry "CZE"]
[SourceTitle "EXT 2012"]
[Source "ChessBase"]
[SourceDate "2011.11.24"]
[SourceVersion "1"]
[SourceVersionDate "2011.11.24"]
[SourceQuality "1"]

1. e4 e5 2. Nf3 Nc6 3. c3 Nf6 4. d4 Nxe4 5. d5 Nb8 6. Nxe5 d6 7. Nf3 Be7 8.
Qa4+ Bd7 9. Qxe4 O-O 10. Bd3 g6 11. Qb4 b6 12. O-O a5 13. Qf4 Bf6 14. Be3 Re8
15. Bd4 Bxd4 16. Qxd4 Na6 17. Bxa6 Rxa6 18. Nbd2 1-0

[Event "Eger Osz op"]
[Site "Eger"]
[Date "2009.10.24"]
[Round "5"]
[White "Papp Zoltan, Csaba"]
[Black "Antal, Laszlo"]
[Result "1-0"]
[WhiteElo "2318"]
[BlackElo "2180"]
[PlyCount "109"]
[EventDate "2009.10.22"]
[EventType "swiss"]
[EventRounds "7"]
[EventCountry "HUN"]
[SourceTitle "EXT 2011"]
[Source "ChessBase"]
[SourceDate "2010.11.26"]
[SourceVersion "1"]
[SourceVersionDate "2010.11.26"]
[SourceQuality "1"]

1. e4 e5 2. Nf3 Nc6 3. c3 Nf6 4. d4 Nxe4 5. d5 Nb8 6. Bd3 Nc5 7. Nxe5 Nxd3+ 8.
Nxd3 d6 9. O-O Be7 10. c4 O-O 11. Nc3 Bf5 12. Qf3 Bg6 13. Nf4 Nd7 14. Nxg6 hxg6
15. Bf4 Bg5 16. Bg3 Nf6 17. Qd3 Qd7 18. f4 Bh6 19. Bh4 Nh7 20. Qg3 Qf5 21. b3
a6 22. Ne2 Rae8 23. Nd4 Qe4 24. Rad1 Qe3+ 25. Qxe3 Rxe3 26. Bg3 Re4 27. Nc2 Nf6
28. Rde1 Rfe8 29. Rxe4 Nxe4 30. Re1 Kf8 31. Nd4 g5 32. f5 g4 33. Bf2 Bf4 34.
Ne6+ fxe6 35. Rxe4 e5 36. g3 Bh6 37. Rxg4 e4 38. Rg6 e3 39. Be1 Re5 40. g4 Re4
41. h3 Bf4 42. Kg2 Rd4 43. Kf3 Rd1 44. Kxf4 Rxe1 45. Re6 e2 46. Kf3 Rh1 47.
Rxe2 Rxh3+ 48. Kf4 a5 49. Kg5 Kf7 50. Rf2 a4 51. bxa4 Rc3 52. a5 Rxc4 53. Rb2
c6 54. Rxb7+ Kf8 55. a6 1-0

[Event "BCF-chT3 0910 (4NCL)"]
[Site "England"]
[Date "2009.10.24"]
[Round "1"]
[White "Bryant, Richard BE"]
[Black "Longson, Alexander"]
[Result "1-0"]
[WhiteElo "1945"]
[BlackElo "2252"]
[PlyCount "61"]
[EventDate "2009.10.24"]
[EventType "team-tourn"]
[EventRounds "11"]
[EventCountry "ENG"]
[SourceTitle "CBM 133 Extra"]
[Source "ChessBase"]
[SourceDate "2010.01.05"]
[SourceVersion "1"]
[SourceVersionDate "2010.01.05"]
[SourceQuality "1"]

1. e4 e5 2. Nf3 Nc6 3. c3 Nf6 4. d4 Nxe4 5. d5 Ne7 6. Nxe5 Ng6 7. Qd4 Nf6 8.
Nxg6 hxg6 9. Be2 Bd6 10. Bg5 Qe7 11. Nd2 O-O 12. Qd3 Re8 13. Be3 Bc5 14. Nc4 b5
15. Bxc5 Qxc5 16. Ne3 Bb7 17. O-O a6 18. Bf3 Re5 19. b4 Qd6 20. Rfd1 Rae8 21.
g3 Ne4 22. a4 Nxf2 23. Kxf2 Rxe3 24. Qxe3 Rxe3 25. Kxe3 Qe5+ 26. Kf2 bxa4 27.
Rd4 Qf5 28. Re1 Qc2+ 29. Re2 Qxc3 30. Re8+ Kh7 31. Rh4# 1-0